JANSANCHAR SIDHANT AUR ANUPRAYOG (Record no. 5286)

MARC details
000 -LEADER
fixed length control field 00391nam a22001577a 4500
005 - DATE AND TIME OF LATEST TRANSACTION
control field 20161022152335.0
008 - FIXED-LENGTH DATA ELEMENTS--GENERAL INFORMATION
fixed length control field 161022b xxu||||| |||| 00| 0 eng d
020 ## - INTERNATIONAL STANDARD BOOK NUMBER
ISBN 978-81-8361-258-6
041 ## - LANGUAGE CODE
Language code of text/sound track or separate title eng
100 ## - MAIN ENTRY--AUTHOR NAME
Personal name RAJGADHIYA,VISHNU
245 ## - TITLE STATEMENT
Title JANSANCHAR SIDHANT AUR ANUPRAYOG
260 ## - PUBLICATION, DISTRIBUTION, ETC. (IMPRINT)
Name of publisher RADHA KRISHANAN
300 ## - PHYSICAL DESCRIPTION
Number of Pages 151
650 ## - SUBJECT ADDED ENTRY--TOPICAL TERM
Topical Term MASS COM@JOURNALISM
942 ## - ADDED ENTRY ELEMENTS (KOHA)
Koha item type Books
Holdings
Lost status Damaged status Home library Date acquired Source of acquisition Cost, normal purchase price Accession Number Koha item type Current library Shelving location
    JRU Library 22/10/2016 Purchase 95.00 21380 Books    
    JRU Library 22/10/2016 Purchase 95.00 21381 Books   SHELF-31-G
    JRU Library 22/10/2016 Purchase 95.00 21382 Books   SHELF-32-G